| 000 | 00842nam a2200241Ia 4500 | ||
|---|---|---|---|
| 005 | 20250508164108.0 | ||
| 008 | 008 250505s9999 xx 000 0 eng d | ||
| 020 | _a0-7914-3758-2 | ||
| 037 | _aReference | ||
| 040 |
_aFEDL _beng _cFEDL |
||
| 041 |
_aeng _2eng |
||
| 084 |
_a370.117, CHA _qFEDL |
||
| 100 |
_aChavez Rudolfo Chavez Ed. _9777302 |
||
| 245 | 0 | _aSpeaking the unpleasant: The politics of (nos) engagement in the multicultural education terrain | |
| 260 |
_aNew York, USA _bState University of New York Press _c1998 |
||
| 300 | _axxiii,338p | ||
| 365 |
_aUSD _b23.95 |
||
| 490 | _aSUNY series, the social context of education | ||
| 650 |
_aMulticultural education; Educational anthropology _9777303 |
||
| 700 |
_a O' Donnell James Ed. _9777304 |
||
| 942 |
_cREF _h370.117, CHA |
||
| 999 |
_c1387022 _d1387022 |
||